| 000 | 01178njm a22002657a 4500 | ||
|---|---|---|---|
| 005 | 20100901115333.0 | ||
| 006 | a|||||r|||||00| 0 | ||
| 007 | sd ammalaaahaa | ||
| 008 | 100901t xxu||||| |||| 00| 0 eng d | ||
| 028 |
_aN 55736 _bHis Master's Voice |
||
| 035 | _aGR-01794 | ||
| 040 |
_aSED _cSED |
||
| 100 |
_aBhosle, Asha _917891 |
||
| 245 |
_aFarishta / _cby Asha Bhosle [and] Chorus ; music by Dattaram ; lyrices by Asad Bhopali _h[Sound recording] |
||
| 246 | _aफ़रिश्ता / आशा भोसले | ||
| 260 |
_aDUM DUM, India _bHis Master's Voice _c1968 |
||
| 300 |
_a1 Sound disc [Gramophone Recording] : _banalog, 33 1/3 rpm _c9.5 in. (MP) _fGramophone Record |
||
| 500 | _aBrief record | ||
| 505 | _aSide-1 दुनिया एक झमेला है (Duniya ak jhmela hae) ( Asha Bhosle [and] Chorus) --Side-2 एक खुबसूरत लड़की (Ak khubsurat ladki) (Kishor Kumar [and] Asha Bhosle) | ||
| 650 |
_aClassical music _xExcerpts _zIndia _917892 |
||
| 700 |
_aDattaram _919481 |
||
| 700 |
_aBhopali, Asad _919099 |
||
| 942 |
_2ddc _cGR |
||
| 999 |
_c45145 _d45145 |
||